[Event "World ol U16"]
[Site "Konya"]
[Date "2018.11.26"]
[Round "3.23"]
[White "Dhevcharran, Kahill"]
[Black "Tempany, Max"]
[Result "1-0"]
[WhiteElo "1561"]
[BlackElo "1508"]
[PlyCount "107"]
[EventDate "2018.11.25"]
[EventType "team-swiss"]
[EventRounds "9"]
[EventCountry "TUR"]
[SourceTitle "CBM 187 Extra"]
[Source "ChessBase"]
[SourceDate "2018.11.04"]
[SourceVersion "1"]
[SourceVersionDate "2018.11.04"]
[SourceQuality "1"]
[WhiteTeam "South Africa"]
[BlackTeam "Ireland"]
[WhiteTeamCountry "RSA"]
[BlackTeamCountry "IRL"]

1. d4 Nf6 2. c4 g6 3. Nc3 d5 4. cxd5 Nxd5 5. Bd2 Nb6 6. Bf4 Bg7 7. e3 0-0 8. Qd2 Nd5 9. Nxd5 Qxd5 10. Bxc7 Nc6 11. Nf3 Be6 12. Be2 Rac8 13. Bg3 Rfd8 14. 0-0 g5 15. Rfd1 g4 16. Ne1 h5 17. Nd3 Qg5 18. Bf4 Qg6 19. Qe1 Bd5 20. Bg3 Qg5 21. Nc5 b6 22. Bf4 Qg6 23. Bd3 f5 24. Nb3 a5 25. Rac1 a4 26. Nd2 Nb4 27. Bc4 Kh7 28. a3 Nc6 29. Bd3 e5 30. dxe5 Nxe5 31. Bxe5 Bxe5 32. Rxc8 Rxc8 33. e4 Be6 34. exf5 Bxf5 35. Qxe5 Bxd3 36. Re1 Rg8 37. Ne4 Bxe4 38. Rxe4 Rg7 39. g3 b5 40. Rb4 Rd7 41. Qe1 Rb7 42. Qe4 Qxe4 43. Rxe4 Kg6 44. Re5 Rb6 45. Kg2 b4 46. Ra5 bxa3 47. bxa3 Rb2 48. Rxa4 Ra2 49. Ra8 Kf6 50. a4 Rb2 51. a5 Ra2 52. a6 Ke7 53. a7 Kf7 54. Rh8 1-0

[Event "RSA-ch U14"]
[Site "Bloemfontein"]
[Date "2016.03.24"]
[Round "9"]
[White "Dhevcharran, Kahill"]
[Black "Dheda, Khelan"]
[Result "1/2-1/2"]
[WhiteElo "1359"]
[BlackElo "1311"]
[PlyCount "44"]
[EventDate "2016.03.20"]
[EventType "swiss"]
[EventRounds "11"]
[EventCountry "RSA"]
[SourceTitle "CBM 171 Extra"]
[Source "ChessBase"]
[SourceDate "2016.04.26"]
[SourceVersion "1"]
[SourceVersionDate "2016.04.26"]
[SourceQuality "1"]

1. d4 d5 2. c4 e6 3. e3 Nf6 4. a3 Nbd7 5. Nc3 Be7 6. Nf3 0-0 7. c5 c6 8. Bd3 Qc7 9. 0-0 e5 10. Be2 b6 11. b4 e4 12. Ne1 Ne8 13. f3 f5 14. f4 a5 15. Bd2 Ba6 16. Rc1 Bxe2 17. Qxe2 axb4 18. axb4 bxc5 19. bxc5 Nef6 20. Nc2 Rfb8 21. Rb1 Rxb1 22. Rxb1 Nb8 1/2-1/2

[Event "RSA-ch U14"]
[Site "Bloemfontein"]
[Date "2016.03.24"]
[Round "8"]
[White "Modi, Yashil"]
[Black "Dhevcharran, Kahill"]
[Result "1-0"]
[WhiteElo "1645"]
[BlackElo "1359"]
[PlyCount "47"]
[EventDate "2016.03.20"]
[EventType "swiss"]
[EventRounds "11"]
[EventCountry "RSA"]
[SourceTitle "CBM 171 Extra"]
[Source "ChessBase"]
[SourceDate "2016.04.26"]
[SourceVersion "1"]
[SourceVersionDate "2016.04.26"]
[SourceQuality "1"]

1. d4 d5 2. c4 c6 3. e3 e6 4. Nc3 Nf6 5. Nf3 Nbd7 6. Bd3 Bd6 7. 0-0 0-0 8. c5 Bc7 9. b4 a6 10. a4 e5 11. Ne1 e4 12. Be2 Ne8 13. f3 f5 14. fxe4 dxe4 15. g3 Qg5 16. Ng2 Qe7 17. Bb2 Bxg3 18. hxg3 Qg5 19. Bc4+ Kh8 20. Qe1 Ndf6 21. Be2 Nc7 22. Qf2 Ne6 23. Qxf5 Qxf5 24. Rxf5 1-0